000
00273nam a2200133Ia 4500
100
_a
Vigyan Ashram
650
_a
General
942
_c
RB
654
_a
Wheel- Barrow
245
_a
Wheel -Barrow
260
_b
Vigyan Ashram
_a
Pune
_c
1993
546
_a
ENGLISH
999
_c
33219
_d
33219